High-voltage engineering (Record no. 11082)

000 -LEADER
fixed length control field 00567nam a2200217 4500
001 - CONTROL NUMBER
control field 11082
003 - CONTROL NUMBER IDENTIFIER
control field BD-DhUET
008 - FIXED-LENGTH DATA ELEMENTS--GENERAL INFORMATION
fixed length control field 700130s1970 enka b 001 0 eng
020 ## - INTERNATIONAL STANDARD BOOK NUMBER
International Standard Book Number 0080063837
040 ## - CATALOGING SOURCE
Original cataloging agency DLC
Transcribing agency DLC
Modifying agency BD-DhUET
082 00 - DEWEY DECIMAL CLASSIFICATION NUMBER
Classification number 623.14
Item number KUF/1970
100 1# - MAIN ENTRY--PERSONAL NAME
Personal name Kuffel, E.
245 10 - TITLE STATEMENT
Title High-voltage engineering
250 ## - EDITION STATEMENT
Edition statement 1st ed.
260 ## - PUBLICATION, DISTRIBUTION, ETC. (IMPRINT)
Place of publication, distribution, etc. Oxford
Name of publisher, distributor, etc. Pergamon Press
Date of publication, distribution, etc. 1970
300 ## - PHYSICAL DESCRIPTION
Extent x, 335 p.
Other physical details ill.
Dimensions 20 cm.
504 ## - BIBLIOGRAPHY, ETC. NOTE
Bibliography, etc Includes bibliographies
650 #0 - SUBJECT ADDED ENTRY--TOPICAL TERM
Topical term or geographic name as entry element High voltage : Generation: Electrial engg.
700 ## - ADDED ENTRY--PERSONAL NAME
Personal name M. Abdullah
942 ## - ADDED ENTRY ELEMENTS (KOHA)
Koha item type General Book
Holdings
Koha item type Koha date last seen Shelving location Withdrawn status Damaged status Location (home branch) Date acquired Lost status Koha date last borrowed Sublocation or collection (holding branch) Koha full call number Koha issues (times borrowed) Price effective from Koha normalized classification for sorting Source of classification or shelving scheme Not for loan Copy number Piece designation (barcode)
General Book2025-02-08Circulation section  Central Library, BUET2015-02-14 2025-01-26Central Library, BUET623.14/KUF/197022015-02-14623_140000000000000_KUF_1970  117330
Reading Item2015-06-25Reading section  Central Library, BUET2015-06-25  Central Library, BUET623.14/KUF/1970 2015-06-25623_140000000000000_KUF_1970  243772
Reading Item2015-07-01Reading section  Central Library, BUET2015-07-01  Central Library, BUET623.14/KUF/1970 2015-07-01623_140000000000000_KUF_1970  317331